| 000 | 01334nam a2200349 a 4500 | ||
|---|---|---|---|
| 001 | 000110693 | ||
| 003 | CHAP | ||
| 005 | 20220329144143.0 | ||
| 008 | 140926s2014 mx sm |||||||spa d | ||
| 010 | _a107155 | ||
| 011 | _a108127 | ||
| 040 | _cCHAP | ||
| 090 | _aTesis | ||
| 100 | 1 |
_aGonzález Jiménez, Jesús _9128513 |
|
| 245 | 1 | 0 |
_aRendimimiento, precocidad y calidad de fruto de veinticinco híbridos de chile manzano (Capsicum pubescens R.& P.) _h[En línea] _cpor Jesús González Jiménez y Yésica Zúñiga Ocegueda. |
| 260 |
_aChapingo, Méx. : _bEl autor, _c2014. |
||
| 500 | _aPara ver el contenido del material haga clic en la liga | ||
| 502 | _aTesis (Ing. Agr. Esp. en Fitotecnia) -- UACH. Departamento de Fitotecnia | ||
| 590 |
_aBATCH-UPD _b10 _c20141002 _lUCH01 _h0906 |
||
| 590 |
_aE11695DGD _b10 _c20140929 _lUCH01 _h1118 |
||
| 590 |
_aE11695DGD _b10 _c20141112 _lUCH01 _h1119 |
||
| 590 |
_aE5765TAJ _b05 _c20140926 _lUCH01 _h1106 |
||
| 650 | 1 | 4 |
_aChile manzano _xCalidad. _922446 |
| 650 | 1 | 4 |
_aChile manzano _xGenética. _922456 |
| 650 | 1 | 4 |
_aChile manzano _xRendimiento. _922465 |
| 650 | 1 | 4 |
_aChile manzano _xVariedades. _922468 |
| 700 | 1 |
_aZúñiga Ocegueda, Yésica _9128514 |
|
| 856 |
_aFinding aid _uhttp://10.13.5.2/tesis/sist110693.pdf _zTeclea aquí |
||
| 901 | _aBK | ||
| 942 | _cTESIS | ||
| 942 | _n0 | ||
| 999 |
_c107155 _d107155 |
||